Estaciones de la Vía Verde del Aceite - Estadísticas

Estadísticas generales
  • Esta prueba ha sido intentada 6 veces
  • La puntuación promedio es 10 de 23
Estadísticas de respuestas
Provincia Estación % Correcto
Jaén Jaén
100%
Córdoba Cabra de Córdoba
67%
Córdoba Doña Mencía
67%
Córdoba Lucena
67%
Córdoba Moriles Horcajo
67%
Córdoba Puente Genil
67%
Córdoba Zuheros
67%
Jaén Alcaudete Fuente de Orbe
50%
Jaén Linares-Zarzuela
50%
Córdoba Luque
50%
Jaén Martos
50%
Jaén Torredelcampo
50%
Jaén Torredonjimeno
50%
Córdoba Campo Real
33%
Jaén Espeluy
33%
Jaén Mengíbar Artichuela
33%
Jaén Vado Jaén
33%
Jaén Bailén
17%
Córdoba Collado de las Arcas
17%
Jaén Grañena
17%
Jaén La Tortilla
17%
Jaén Moralduro
17%
Jaén Villargordo
17%
No se encontraron pruebas coincidentes
Distribución de puntuación
Porcentaje de gente con cada puntuación
Porcentaje por número respondido
Historial de tus puntuaciones
No has intentado esta prueba.